[Event "Tromsoe GP"]
[Site "Tromsoe"]
[Date "2012.03.23"]
[Round "4"]
[White "Ristesund, Odd"]
[Black "Johnsen, Martin G"]
[Result "1-0"]
[WhiteElo "1454"]
[BlackElo "1154"]
[PlyCount "45"]
[EventDate "2012.03.23"]
[EventType "swiss"]
[EventRounds "5"]
[EventCountry "NOR"]
[SourceTitle "EXT 2024"]
[Source "ChessBase"]
[SourceDate "2023.10.10"]
[SourceVersion "1"]
[SourceVersionDate "2023.10.10"]
[SourceQuality "1"]

1. e4 c5 2. Nf3 d6 3. Bb5+ Bd7 4. Bxd7+ Nxd7 5. 0-0 Ngf6 6. Nc3 g6 7. d4 cxd4 8. Nxd4 Bg7 9. h3 0-0 10. Re1 Re8 11. b3 Qb6 12. Bb2 Nh5 13. Nd5 Qd8 14. c4 Nb6 15. Qd2 Nd7 16. Nb5 Bxb2 17. Qxb2 Rc8 18. Qd4 a6 19. Nbc3 Ng7 20. Kh1 Ne6 21. Qd2 Nec5 22. Rab1 Rb8 23. Qe2 1-0